The astronomical observatories of Jai singh (Record no. 395)

MARC details
000 -LEADER
fixed length control field 00558nam a2200181Ia 4500
003 - CONTROL NUMBER IDENTIFIER
control field IN-BaIIA
008 - FIXED-LENGTH DATA ELEMENTS--GENERAL INFORMATION
fixed length control field 211028s9999 xx 000 0 eng d
040 ## - CATALOGING SOURCE
Transcribing agency IIA Library
080 ## - UNIVERSAL DECIMAL CLASSIFICATION NUMBER
Universal Decimal Classification number 52(091)
Item number KAY
100 ## - MAIN ENTRY--PERSONAL NAME
Personal name Kaye,G. R.
9 (RLIN) 895
245 #4 - TITLE STATEMENT
Title The astronomical observatories of Jai singh
Statement of responsibility, etc. G. R. Kaye
260 ## - PUBLICATION, DISTRIBUTION, ETC.
Place of publication, distribution, etc. Calcutta
Name of publisher, distributor, etc. Superintendent Government Printing
Date of publication, distribution, etc. 1918
300 ## - PHYSICAL DESCRIPTION
Extent viii, 151p.
490 ## - SERIES STATEMENT
Series statement New imperial series; v. 40.
650 ## - SUBJECT ADDED ENTRY--TOPICAL TERM
Topical term or geographic name entry element Astronomy
9 (RLIN) 80
650 ## - SUBJECT ADDED ENTRY--TOPICAL TERM
Topical term or geographic name entry element Asytophysics
9 (RLIN) 896
942 ## - ADDED ENTRY ELEMENTS (KOHA)
Koha item type Books
Holdings
Withdrawn status Lost status Damaged status Not for loan Home library Current library Shelving location Date acquired Total Checkouts Full call number Barcode Date last seen Price effective from Koha item type
        IIA Library-Bangalore IIA Library-Kodaikanal General Stacks     52(091)/ KAY 389 05/11/2021   Books

Powered by Koha